Colectivismo agrario en España. (Record no. 10677)

MARC details
000 -LEADER
campo de control de longitud fija 01241nam a2200289 i 4500
001 - NÚMERO DE CONTROL
campo de control 10677
003 - IDENTIFICADOR DE NÚMERO DE CONTROL
campo de control ES-MaACL
005 - FECHA Y HORA DE LA ÚLTIMA TRANSACCIÓN
campo de control 20250831120105.0
008 - DATOS DE LONGITUD FIJA--INFORMACIÓN GENERAL
campo de control de longitud fija 951003s1898 sp ||||1| spa d
080 ## - NÚMERO DE LA CLASIFICACIÓN DECIMAL UNIVERSAL
Número de la Clasificación Decimal Universal 338.431.4(460)
080 ## - NÚMERO DE LA CLASIFICACIÓN DECIMAL UNIVERSAL
Número de la Clasificación Decimal Universal 332.021.8(460):63
080 ## - NÚMERO DE LA CLASIFICACIÓN DECIMAL UNIVERSAL
Número de la Clasificación Decimal Universal 63:332.021.8(460)
100 1# - ENTRADA PRINCIPAL--NOMBRE DE PERSONA
Nombre de persona Costa, Joaquín,
Fechas asociadas al nombre 1846-1911
9 (RLIN) 41054
245 10 - MENCIÓN DEL TÍTULO
Título Colectivismo agrario en España.
Número de parte o sección de la obra Partes I y II,
Nombre de parte o sección de la obra Doctrinas y hechos /
Mención de responsabilidad, etc. por Joaquín Costa.
260 ## - PUBLICACIÓN, DISTRIBUCIÓN, ETC.
Lugar de publicación, distribución, etc. Madrid :
Nombre del editor, distribuidor, etc. [s.n.],
Fecha de publicación, distribución, etc. 1898 (
Fabricante Imp. de San Francisco de Sales)
300 ## - DESCRIPCIÓN FÍSICA
Extensión 606 p. ;
Dimensiones 23 cm.
530 ## - NOTA DISPONIBLE DE FORMULARIO FÍSICO ADICIONAL
Nota de formato físico adicional disponible Disponible en formato digital.
650 #4 - PUNTO DE ACCESO ADICIONAL DE MATERIA--TÉRMINO DE MATERIA
Término de materia o nombre geográfico como elemento de entrada Explotaciones agrícolas-
Subdivisión geográfica España.
9 (RLIN) 171659
650 #4 - PUNTO DE ACCESO ADICIONAL DE MATERIA--TÉRMINO DE MATERIA
Término de materia o nombre geográfico como elemento de entrada Propiedad rústica-
Subdivisión geográfica España.
9 (RLIN) 16497
650 ## - PUNTO DE ACCESO ADICIONAL DE MATERIA--TÉRMINO DE MATERIA
Término de materia o nombre geográfico como elemento de entrada Colectivismo-
Subdivisión geográfica España-
Subdivisión cronológica S.XIX.
9 (RLIN) 164950
650 #4 - PUNTO DE ACCESO ADICIONAL DE MATERIA--TÉRMINO DE MATERIA
Término de materia o nombre geográfico como elemento de entrada Reforma agraria-
Subdivisión geográfica España-
Subdivisión cronológica S.XIX
9 (RLIN) 16721
852 ## - LOCALIZACIÓN
Ubicación ES-MaACL
Número de control de estantería C-54841
856 ## - LOCALIZACIÓN Y ACCESO ELECTRÓNICOS
Identificador Uniforme de Recursos <a href="https://bibliotecavirtual.aragon.es/es/consulta/registro.do?id=1942">https://bibliotecavirtual.aragon.es/es/consulta/registro.do?id=1942</a>
Nota pública Biblioteca Virtual de Aragón
856 ## - LOCALIZACIÓN Y ACCESO ELECTRÓNICOS
Identificador Uniforme de Recursos <a href="https://bibliotecavirtual.aragon.es/es/consulta/registro.do?id=3534">https://bibliotecavirtual.aragon.es/es/consulta/registro.do?id=3534</a>
Nota pública Biblioteca Virtual de Aragón
856 ## - LOCALIZACIÓN Y ACCESO ELECTRÓNICOS
Identificador Uniforme de Recursos <a href="http://www.derechoaragones.es/es/consulta/registro.do?id=600244 ">http://www.derechoaragones.es/es/consulta/registro.do?id=600244 </a>
Nota pública Biblioteca Virtual de Derecho Aragonés
Holdings
Estatus retirado Estado de pérdida Estado de daño No para préstamo Colección Biblioteca de origen Biblioteca actual Ubicación en estantería Fecha de adquisición Fuente de adquisición Total de préstamos Signatura topográfica completa Código de barras Visto por última vez Precio de reemplazo Tipo de ítem Koha
        Colección digital Biblioteca del Ateneo de Madrid Biblioteca del Ateneo de Madrid Depósito 2 17/01/2008     C-54841 1010890 23/02/2023 23/02/2023 Libro impreso antiguo